000 00555nam a2200205Ia 4500
005 20250508165310.0
008 008 250505s9999 xx 000 0 eng d
037 _aTextual
040 _aFEDL
_beng
_cFEDL
041 _aeng
_2eng
084 _a371.270 954, NAR
_qFEDL
100 _aNarain S
245 0 _aExaminations in ancient India
260 _aNew Delhi, India
_bArya Book Depot
_c1993
300 _axvi, 107p.
365 _aINR
_b95
546 _aGifted
942 _cTEXL
_h371.270 954, NAR
999 _c1394280
_d1394280